000 00931nam a2200229 a 4500
001 74144
003 BD-RjUL
005 20211209082512.0
008 180307t19941963ii ||||| |||| 00| 1 ben d
035 _a(BD-RjUL)74362
040 _aBD-RjUL
_beng
_cBD-RjUL
_dBD-RjUL
041 _aeng
082 _223
_a891.443
_bSAV 1994
100 1 _aসাংকৃত্যায়ন, রাহুল
_9134947
245 1 0 _aভোলগা থেকে গঙ্গা
_b[দুই পর্ব একত্রে] /
_cরাহুল সাংকৃত্যায়ন
250 _a১ম সংস্করণ
260 _aকলকাতা :
_bচিরায়ত প্রকাশন,
_c১৯৯৪
300 _a৩৭৪ পৃ. ;
_c২১ সেমি.
650 _aবাংলা সাহিত্য
_xছোটগল্প
_9123283
650 _aBengali Literature
_xShort Stories
_9134948
942 _2ddc
_cBK
_01
999 _c74144
_d74144